000 00757nam a2200241Ia 4500
003 OSt
005 20220923223526.0
006 a|||||r|||| 00| 0
007 ta
008 Pun
024 _a218,635
037 _cTextual
040 _aARTS
_cARTS
_bPun
041 _2Pun
_aPun
082 _aO153,1K55w, M5;P2
100 _aਭਾਟਿਆ, ੳੱੁਤਮ ਸਿੰਘ
_9156274
245 0 _aਅਲੀ ਹੈਦਰ
_b ਗ਼ੀਵਨ ਤੇ ਰਚਨਾ
260 _aਪਟਿਆਲਾ
_b ਪਬਲੀਕੇFਨ ਬਿਓਰੈ
_c2002
300 _a128ਪੰ
_ccm.
650 _aਪੰਜਾਬੀ ਸਾਹਿਤ
942 _hO153,1K55w, M5;P2
_cTEXL
_2CC
999 _c365988
_d365988